| 000 | 01261nam0a22002651 4500 | ||
|---|---|---|---|
| 001 | rc\4196545 | ||
| 005 | 20250611011842.0 | ||
| 035 | _a(NLR Aleph) 008005925 | ||
| 090 |
_a8669699 _c8669699 |
||
| 100 | _a20130415d1948 |||y0rusy50 ca | ||
| 101 | 0 | _arus | |
| 102 | _aRU | ||
| 105 | _ay j ||||| | ||
| 200 | 1 | _aКонспект лекции по технике безопасности при заготовке и вывозке леса | |
| 210 |
_aЛенинград _cБ. и. _d1948 |
||
| 215 |
_a[2], 21 с. _d28 |
||
| 225 | 1 |
_aСССР. Министерство речного флота. Ленинградский институт инженеров водного транспорта. Курсы усовершенствования инженеров-техников и руководящих работников речного флота. Сборник материалов для повышения квалификации командных кадров МРФ _vВып. № 13 |
|
| 300 | _aСтеклогр. | ||
| 300 | _aПеред загл. авт.: инж. Я.А. Эмдин | ||
| 700 | 1 |
_aЭмдин _bЯ.А. |
|
| 801 | 0 |
_aRU _bNLR _gpsbo |
|
| 801 | 1 |
_aRU _bELAR _2rusmarc |
|
| 852 |
_aNLR _jТ14 Г-8/252-13 |
||
| 942 | _cBOOK | ||
| 980 | _aNB | ||